000 01548nam a2200313 a 4500
001 45913
003 BD-RjUL
005 20211209054102.0
008 160727s2006 enk||||| bd|| 001 0 eng d
035 _a(BD-RjUL)46031
040 _aVaAlASP
_beng
_cVaAlASP
_erda
_dBD-RjUL
_dUkOxU
041 _aeng
082 _223
_a305.486971
_bABS 2006
100 1 _aAbou El Fadl, Khaled,
_d1963-
_9140406
245 1 0 _aSpeaking in God's name :
_bIslamic law, authority, and women /
_cKhaled Abou El Fadl.
260 _aOxford :
_bOneworld,
_c2006
300 _axiii, 361 p. ;
_c24 cm.
500 _aOnline access provided by Alexander Street Press as part of: Twentieth century religious thought. Volume II, Islam.
504 _aIncludes bibliographical references (pages 310-340), glossary, and index.
520 _aDrawing on both religious and secular sources, this challenging book argues that divinely ordained law is frequently misinterpreted by Muslim authorities at the expense of certain groups, including women. Khaled Abou El Fadl cites a series of injustices in Islamic society and ultimately proposes a return to the original ethics at the heart of the Muslim legal system.
650 0 _aWomen (Islamic law)
_9140407
650 0 _aWomen in Islam.
_9124514
650 0 _aMuslim women.
_9126529
710 2 _aAlexander Street Press.
_9140408
776 0 8 _iOriginal version:
_z9781851682621
830 0 _aTwentieth century religious thought.
_9140409
856 4 0 _uhttp://www.aspresolver.com/aspresolver.asp?TCR2;3211680
942 _2ddc
_cBK
999 _c45913
_d45913